Human satisfactions and public policy (Registro nro. 26599)

Detalles MARC
000 -LEADER
fixed length control field 00324 a2200109 4500
001 - CONTROL NUMBER
control field ART_12706
005 - DATE AND TIME OF LATEST TRANSACTION
control field 20260410161909.0
008 - FIXED-LENGTH DATA ELEMENTS--GENERAL INFORMATION
fixed length control field 260409a
100 1# - MAIN ENTRY--PERSONAL NAME
Personal name Layard, Richard
245 10 - TITLE STATEMENT
Title Human satisfactions and public policy
773 0# - HOST ITEM ENTRY
Title The Economic Journal
Related parts - Vol. 90, Nº 360 (dic. 1980)
Record control number REV12512

No hay ítems disponibles.